Capital Cities with Two or More Words - Statistics

General Stats
  • This quiz has been taken 1,659 times
    127 since last reset
  • The average score is 24 of 31
Answer Stats
Capital % Correct
Buenos Aires
94%
Mexico City
90%
San Marino
88%
Vatican City
87%
Ciudad de la Paz
85%
La Paz
85%
Port-au-Prince
84%
Guatemala City
83%
Panama City
83%
Andorra la Vella
82%
New Delhi
82%
Addis Ababa
80%
Cape Town
80%
Port Moresby
80%
Kuala Lumpur
79%
Kuwait City
79%
San Salvador
78%
Santo Domingo
78%
Abu Dhabi
77%
San Jose
76%
Port-of-Spain
75%
Bandar Seri Begawan
73%
São Tomé
71%
Sri Jayawardenepura Kotte
71%
Phnom Penh
70%
Port Vila
70%
Port Louis
67%
Saint John's
67%
Saint George's
64%
Porto-Novo
61%
South Tarawa
54%
No matching quizzes found
Score Distribution
Percent of People with Each Score
Percentile by Number Answered
Your Score History
You have not taken this quiz since the last reset